Alternativas de producao florestal: integracao no sistema agropecuario do Serido - RN (Registro n. 322469)
[ somente texto ]
| 000 -LÍDER | |
|---|---|
| campo de controle de tamanho fixo | 01255naa a22003497a 4500 |
| 001 - NÚMERO DE CONTROLE | |
| campo de controle | BR9400388 |
| 003 - IDENTIFICADOR DO NÚMERO DE CONTROLE | |
| campo de controle | BR-BrBNA |
| 005 - DATA E HORÁRIO DA ÚLTIMA TRANSAÇÃO | |
| campo de controle | 20240918180859.0 |
| 007 - CAMPO FIXO DE DESCRIÇÃO FÍSICA--INFORMAÇÃO GERAL | |
| campo de controle de tamanho fixo | ta |
| 008 - CAMPO DE DADOS FIXOS--INFORMAÇÃO GERAL | |
| campo de controle de tamanho fixo | 230509b bl.||||| |||| 00| 0 por d |
| 040 ## - FONTE DA CATALOGAÇÃO | |
| Instituição da catalogação original | BR-BrBNA |
| Idioma da catalogação | por |
| Instituição que transcreveu o registro | Biblioteca Nacional de Agricultura |
| 041 ## - CÓDIGO DE IDIOMA | |
| Código do idioma do texto/trilha sonora ou título diferente | (Pt) |
| 072 ## - CÓDIGO DE CATEGORIA DE ASSUNTO | |
| Código de Categoria de Assunto | K10; K50; E16 |
| Código do objeto | 8915 |
| 090 ## - NÚMERO DE CHAMADA LOCAL | |
| Número de chamada | K10 BR9400388 |
| 100 1# - ENTRADA PRINCIPAL--NOME PESSOAL | |
| Nome pessoal | Paupitz, J. |
| 100 1# - ENTRADA PRINCIPAL--NOME PESSOAL | |
| Nome pessoal | Campello, F.C.B. |
| 100 1# - ENTRADA PRINCIPAL--NOME PESSOAL | |
| Nome pessoal | Burkart, R.N. |
| 100 1# - ENTRADA PRINCIPAL--NOME PESSOAL | |
| Nome pessoal | Sena, C.M. de |
| 245 1# - TÍTULO | |
| Título | Alternativas de producao florestal: integracao no sistema agropecuario do Serido - RN |
| 260 3# - PUBLICAÇÃO, DISTRIBUIÇÃO, ETC. | |
| Local de publicação, distribuição, etc. | Natal, RN (Brasil): |
| Data da publicação, distribuição, etc. | 1992. |
| 500 ## - NOTA GERAL | |
| Nota geral | Plano de manejo florestal para a regiao do Serido do Rio Grande do Norte. v. 2: Definicao de estrategias<br/>Natal, RN (Brasil): 1992. p. 77-130<br/>(BR9400388-AM)K10<br/> |
| 650 ## - ASSUNTO--TERMO TÓPICO | |
| Cabeçalho tópico ou nome geográfico | Exploracao Florestal |
| 650 ## - ASSUNTO--TERMO TÓPICO | |
| Cabeçalho tópico ou nome geográfico | Producao Florestal |
| 650 ## - ASSUNTO--TERMO TÓPICO | |
| Cabeçalho tópico ou nome geográfico | Lenha |
| 650 ## - ASSUNTO--TERMO TÓPICO | |
| Cabeçalho tópico ou nome geográfico | Reflorestamento |
| 650 ## - ASSUNTO--TERMO TÓPICO | |
| Cabeçalho tópico ou nome geográfico | Custo de Producao |
| 650 ## - ASSUNTO--TERMO TÓPICO | |
| Cabeçalho tópico ou nome geográfico | Serido |
| 650 ## - ASSUNTO--TERMO TÓPICO | |
| Cabeçalho tópico ou nome geográfico | Rio Grande do Norte |
| 773 0# - ENTRADA ANALÍTICA | |
| Título | Plano de manejo florestal para a regiao do Serido do Rio Grande do Norte. v. 2: Definicao de estrategias |
| Edição | |
| Número de controle do registro | K10 BR9400388 |
| Partes relacionadas | Natal, RN (Brasil), 1992. p. 77-130 |
| 909 ## - | |
| -- | 202404 |
| -- | Lucia |
| -- | 55 |
| -- | Lucia Elande |
| 942 ## - ELEMENTOS DE ENTRADA ADICIONADOS (KOHA) | |
| Tipo de material Koha | Capítulo-Livro |
| Fonte da classificação ou esquema de arquivamento na estante | Classificação AGRIS |
| Situação do descarte | Fonte da classificação ou esquema de arquivamento na estante | Situação física | Não pode ser emprestado | Coleção | Biblioteca de origem | Biblioteca atual | Localização na estante | Total de empréstimos | Número de telefone completo | Data de último acesso | Número do exemplar | Tipo de material Koha | Situação das perdas | Data de aquisição | Fonte de aquisição |
|---|---|---|---|---|---|---|---|---|---|---|---|---|---|---|---|
| Classificação AGRIS | Biblioteca Nacional de Agricultura - Binagri | Biblioteca Nacional de Agricultura - Binagri | Agrobase - Acervo Geral | E14 BR0503269 | 20/05/2024 | 01 | Capítulo-Livro | 2024-04-11 | Portaria Interministerial nº 164/94 |

BINAGRI